<?xml version="1.0" encoding="UTF-8"?>
<record
    xmlns:xsi="http://www.w3.org/2001/XMLSchema-instance"
    xsi:schemaLocation="http://www.loc.gov/MARC21/slim http://www.loc.gov/standards/marcxml/schema/MARC21slim.xsd"
    xmlns="http://www.loc.gov/MARC21/slim">

  <leader>01461naa a2200253 i 4500</leader>
  <controlfield tag="001">3874</controlfield>
  <controlfield tag="003">KOSZ 005</controlfield>
  <controlfield tag="005">20180420134409.0</controlfield>
  <controlfield tag="008">140630s1997    pl     f     |100 0 eng</controlfield>
  <datafield tag="040" ind1=" " ind2=" ">
    <subfield code="c">KOSZ 005</subfield>
    <subfield code="a">KOSZ 005</subfield>
    <subfield code="d">KOSZ 005/HR</subfield>
  </datafield>
  <datafield tag="041" ind1=" " ind2=" ">
    <subfield code="a">eng</subfield>
  </datafield>
  <datafield tag="044" ind1=" " ind2=" ">
    <subfield code="a">POL</subfield>
  </datafield>
  <datafield tag="080" ind1=" " ind2=" ">
    <subfield code="a">004.032.26+004.8</subfield>
  </datafield>
  <datafield tag="080" ind1=" " ind2=" ">
    <subfield code="a">621.5</subfield>
  </datafield>
  <datafield tag="100" ind1="1" ind2=" ">
    <subfield code="a">KICZKOWIAK, Tomasz.</subfield>
    <subfield code="d">1996 - 2017.</subfield>
    <subfield code="b">Politechnika Koszali&#x144;ska - Wydzia&#x142; Mechaniczny,</subfield>
    <subfield code="c">Katedra System&#xF3;w Sterowania Zak&#x142;ad Automatyki Przemys&#x142;owej</subfield>
  </datafield>
  <datafield tag="245" ind1="1" ind2="0">
    <subfield code="a">Analyssis feasibility of artificial neural networks in design of pneumatic driving systems /</subfield>
    <subfield code="c">Szymon Grymek, Tomasz Kiczkowiak.</subfield>
  </datafield>
  <datafield tag="500" ind1=" " ind2=" ">
    <subfield code="a">Dane z autopsji.</subfield>
  </datafield>
  <datafield tag="520" ind1=" " ind2=" ">
    <subfield code="a">In the paper there are presented an algorithm of design of pneumatic driving system and analysis of the algorithm due to need and possibility of application of ANN. Some ideas of applications are described.</subfield>
  </datafield>
  <datafield tag="655" ind1=" " ind2="0">
    <subfield code="a">Materia&#x142;y konferencyjne.</subfield>
  </datafield>
  <datafield tag="711" ind1="2" ind2="2">
    <subfield code="a">Conference Neural Networks and their Applications</subfield>
    <subfield code="n">(3 ;</subfield>
    <subfield code="d">1997 ;</subfield>
    <subfield code="c">Cz&#x119;stochowa - Kule, Polska)</subfield>
  </datafield>
  <datafield tag="711" ind1="2" ind2="2">
    <subfield code="a">Summer School on Neural Networks Applications to Signal Processing</subfield>
    <subfield code="d">(1997 ;</subfield>
    <subfield code="c">Cz&#x119;stochowa - Kule, Polska)</subfield>
  </datafield>
  <datafield tag="773" ind1="0" ind2=" ">
    <subfield code="i">W :</subfield>
    <subfield code="t">Proceedings of the thirth Conference Neural Networks and their applications and Summer School on Neural Networks Applications to Signal Processing / eds. R. Tadeusiewicz, L. Rutkowski, J. Chojcan. -</subfield>
    <subfield code="d">Cz&#x119;stochowa : PNNS, 1997. -</subfield>
    <subfield code="g">s. 444-449</subfield>
  </datafield>
  <datafield tag="942" ind1=" " ind2=" ">
    <subfield code="c">ROZ</subfield>
    <subfield code="2">UKD</subfield>
  </datafield>
  <datafield tag="999" ind1=" " ind2=" ">
    <subfield code="c">3874</subfield>
    <subfield code="d">3874</subfield>
  </datafield>
</record>
